00639pam a2200169 i 4500020001500000040000800015082002600023245005800049260003900107300003400146500001000180500001400190520019500204650001900399700002600418710002500444 a0884217795 cDLC a646 BUT 1979 A043 Or.00aCreative living :bbasic concepts in home economics /0 aNew York :bButterick Pub.,cc1979 aviii, 504 p. :bill. ;c24 cm a$9.95 aSecondary aDiscusses basic concepts of personal and family relationships, consumer education, housing, food, nutrition, clothing, and textiles and other aspects of home management and day-to-day living 0aHome economics10aFoster, Josephine A.,21aButterick Publishing